Советская Программа мира для 80-х годов в действии: материалы и документы

Detalhes bibliográficos
Outros Autores: Александров А. М. (составитель)
Idioma:russo
Publicado em: Москва, Политиздат, 1982
Assuntos:
Formato: Livro
KOHA link:https://koha.lib.tpu.ru/cgi-bin/koha/opac-detail.pl?biblionumber=310199

MARC

LEADER 00000nam0a2200000 4500
001 310199
005 20231102002249.0
020 |a RU  |b 82-17592 
035 |a (RuTPU)RU\TPU\book\335548 
090 |a 310199 
100 |a 20151123d1982 k y0rusy5003 ca 
101 0 |a rus 
102 |a RU 
105 |a y z 000zy 
200 1 |a Советская Программа мира для 80-х годов в действии  |e материалы и документы  |f сост. А. М. Александров 
210 |a Москва  |c Политиздат  |d 1982 
215 |a 367 с. 
606 1 |a Мирное сосуществование  |x Курс внешней политики  |y СССР  |2 stltpush  |3 (RuTPU)RU\TPU\subj\44086  |9 63460 
606 1 |2 stltpush  |a Ф4(2)3 
610 1 |a программа мира 
610 1 |a внешняя политика 
610 1 |a СССР 
610 1 |a история 
610 1 |a документы 
610 1 |a материалы 
610 1 |a политические деятели 
610 1 |a выступления 
702 1 |a Александров  |b А. М.  |4 220 
801 0 |a RU  |b RuMRKP  |c 19950704  |g psbo 
801 1 |a RU  |b 63413507  |c 20151123 
801 2 |a RU  |b 63413507  |c 20160701  |g RCR 
942 |c BK